000 00522nam a2200193 4500
001 21340
005 20230410103728.0
008 060907n2001 dr spa
020 _a8479430265
035 _9funglode21498
041 _aES
050 1 4 _a315 J 409 A991d 2001
100 _aAzaña, Manuel
245 1 _aDiscursos parlamentarios /
_cManuel Azaña
260 _aMadrid :
_bCongreso de los Diputados,
_c2001
300 _a998 p.
440 _aTextos parlamentarios clásicos ;
_v2
942 _2lcc
_cbk
999 _c24679
_d24679